000 00677nam a2200229 a 4500
008
020 _a0471939625 (cased)
049 _aMAIN
050 0 0 _aHD30.23
_fRIV
100 1 _aRivett, Patrick.
245 1 4 _aThe craft of decision modelling /
_cPatrick Rivett.
260 _aChichester :
_bJ. Wiley,
_cc1994.
300 _aviii, 304 p. :
_bill. ;
_c24 cm.
504 _aIncludes bibliographical references: p. 299-302.
500 _aIncludes index.
650 0 _aDecision making
_xMathematical models.
907 _a.b10081276
_b11-07-03
_c10-07-03
003
005 20230123133327.0
040 _cNUST
942 _cBOOKS
999 _c146666
_d146666